Norwegian wood (Record no. 221175)
[ view plain ]
| 000 -LEADER | |
|---|---|
| fixed length control field | 01646nam a22002177a 4500 |
| 005 - DATE AND TIME OF LATEST TRANSACTION | |
| control field | 20220118110543.0 |
| 008 - FIXED-LENGTH DATA ELEMENTS--GENERAL INFORMATION | |
| fixed length control field | 220113b ||||| |||| 00| 0 eng d |
| 020 ## - INTERNATIONAL STANDARD BOOK NUMBER | |
| International Standard Book Number | 9780099448822 |
| 040 ## - CATALOGING SOURCE | |
| Transcribing agency | AL |
| 041 ## - LANGUAGE CODE | |
| Language code of text/sound track or separate title | eng |
| 082 ## - DEWEY DECIMAL CLASSIFICATION NUMBER | |
| Edition number | 23 |
| Classification number | 895.635 |
| Item number | MURN |
| 100 ## - MAIN ENTRY--PERSONAL NAME | |
| Personal name | Haruki Murakami |
| 9 (RLIN) | 13067 |
| 245 ## - TITLE STATEMENT | |
| Title | Norwegian wood |
| 260 ## - PUBLICATION, DISTRIBUTION, ETC. | |
| Place of publication, distribution, etc. | London |
| Name of publisher, distributor, etc. | Vintage Books |
| Date of publication, distribution, etc. | 2003 |
| 300 ## - PHYSICAL DESCRIPTION | |
| Extent | 389p |
| Other physical details | PB |
| Dimensions | 19.5x13cm. |
| 365 ## - TRADE PRICE | |
| Price type code | 4477 |
| Price amount | ₹467.22 |
| Currency code | ₹ |
| Unit of pricing | ₹599.00 |
| Price note | 22% |
| Price effective from | 18-12-2021 |
| 520 ## - SUMMARY, ETC. | |
| Summary, etc. | Such is the exquisite, gossamer construction of Murakami's writing that everything he chooses to describe trembles with symbolic possibility' GuardianRead the haunting love story that turned Murakami into a literary superstar.When he hears her favourite eatles song, Toru Watanabe recalls his first love Naoko, the girlfriend of his best friend Kizuki. Immediately he is transported back almost twenty years to his student days in Tokyo, adrift in a world of uneasy friendships, casual sex, passion, loss and desire - to a time when an impetuous young woman called Midori marches into his life and he has to choose between the future and the last.'Evocative, entertaining, sexy and funny; but then Murakami is one of the best writers around' Time Out Poignant, romantic and hopeless, it beautifully encapsulates the heartbreak and loss of faith' Sunday TimesThis book is undeniably hip, full of student uprisings, free love, booze and 1960s pop, it's also genuinely emotionally engaging, and describes the highs of adolescence as well as the lows' Independent on Sunday |
| 650 ## - SUBJECT ADDED ENTRY--TOPICAL TERM | |
| Topical term or geographic name entry element | Other Literature |
| 9 (RLIN) | 13108 |
| 700 ## - ADDED ENTRY--PERSONAL NAME | |
| Personal name | Rubin, Jay Tr. |
| 9 (RLIN) | 13513 |
| 942 ## - ADDED ENTRY ELEMENTS (KOHA) | |
| Source of classification or shelving scheme | Dewey Decimal Classification |
| Koha item type | Book |
| Withdrawn status | Lost status | Source of classification or shelving scheme | Damaged status | Not for loan | Collection code | Home library | Current library | Date acquired | Source of acquisition | Cost, normal purchase price | Total Checkouts | Total Renewals | Full call number | Barcode | Date due | Date last seen | Date last checked out | Cost, replacement price | Price effective from | Koha item type |
|---|---|---|---|---|---|---|---|---|---|---|---|---|---|---|---|---|---|---|---|---|
| Dewey Decimal Classification | General | St Aloysius PG Library | St Aloysius PG Library | 12/30/2021 | Biblios Book Point | 467.22 | 18 | 2 | 895.635 MURN | PG023534 | 07/13/2026 | 07/03/2026 | 07/03/2026 | 599.00 | 01/13/2022 | Book |